| 000 | 00632nam a22002177a 4500 | ||
|---|---|---|---|
| 999 |
_c9741 _d9741 |
||
| 001 | 9741 | ||
| 003 | OSt | ||
| 005 | 20180718201539.0 | ||
| 008 | 180324b1994 bg ||||| |||| 00| 0 ben d | ||
| 035 | _a(BD-JhCC)9741 | ||
| 040 |
_aBD-JhCC _dBD-JhCC |
||
| 041 | _aben | ||
| 082 |
_a596 _bASM 1994 |
||
| 100 | _aআসমত, গাজী এস এম | ||
| 245 |
_aকর্ডেট ভ্রূণবিদ্যা / _cগাজী এস এম আসমত |
||
| 260 |
_aঢাকা : _bবাংলা একাডেমী _c1994. |
||
| 300 |
_a160 p. : _c21 cm. |
||
| 650 | _aChordata | ||
| 942 |
_2ddc _cBK |
||